[Event "IECC M1-2011.T038"]
[Site "IECC email"]
[Date "2011.05.06"]
[Round "?"]
[White "Phillips, David A"]
[Black "Erickson, Darren"]
[Result "1-0"]
[WhiteElo "1240"]
[BlackElo "1274"]
[PlyCount "48"]
[EventDate "2011.??.??"]
[EventType "match (corr)"]
[EventRounds "2"]
[SourceTitle "Telechess CBM 149"]
[Source "ChessBase"]
[SourceDate "2012.07.17"]
[SourceVersion "1"]
[SourceVersionDate "2012.07.17"]
[SourceQuality "1"]
[WhiteTeam "England"]
[BlackTeam "US of America"]
[WhiteTeamCountry "ENG"]
[BlackTeamCountry "USA"]

1. d4 d5 2. Nf3 Nf6 3. h3 e6 4. Bg5 Be7 5. e3 Nbd7 6. Bd3 c5 7. 0-0 c4 8. Be2 0-0 9. b3 b5 10. Nc3 Ba6 11. Ne5 Nxe5 12. dxe5 Nd7 13. Bxe7 Qxe7 14. f4 f6 15. exf6 Nxf6 16. Qd4 b4 17. Na4 Ne4 18. Bf3 cxb3 19. Rf2 Nxf2 20. Kxf2 bxc2 21. Rc1 Bc4 22. Rxc2 b3 23. axb3 Bxb3 24. Rb2 Qa3 1-0